000 00388nam a22001697a 4500
003 OSt
005 20260506082228.0
008 260506b |||||||| |||| 00| 0 eng d
020 _a09897
040 _cIRDP
082 _a320 ADR
100 _aADRIAN, C.R.
245 _aGOVERNING URBAN AMERICA
260 _aNEW YORK;
_bMc-GRAW HILL,
_c1968.
700 _aPRESS, C.
942 _2ddc
_cBOOKS
999 _c9628
_d9628